000
00205 a2200097 4500
001
57490
100
_a
245
_a
Kulyat Bulleh Shah
260
_a
Lahore
_b
Alfaisal Pub Co
_c
1997
090
_c
35219
_d
35219
942
_a
NUST-CAE
_c
_c
28024
999
_c
292563
_d
292563